000 00765nam a2200217 a 4500
001 63669
003 BD-RjUL
005 20211209081224.0
008 170202s2010 bg ||||| |||| 00| 0 ben d
035 _a(BD-RjUL)63798
040 _aBD-RjUL
_bben
_cBD-RjUL
041 _aben
082 _223
_a891.443
_bISA 2010
100 _aইসলাম, মাহবুবা
_9179261
245 1 0 _aঅমাবস্যার অসহায় আর্তনাদ /
_cমাহবুবা ইসলাম
260 _aঢাকা :
_bলেখাপ্রকাশ,
_c২০১০
300 _a৬৪ পৃ. ;
_c২১ সেমি.
650 _aবাংলা উপন্যাস
_9170454
650 _aBengali Fictions
_9170515
942 _2ddc
_cBK
999 _c63669
_d63669